000 00164nam a22000857a 4500
082 _a823
100 _aSATHEESAN
245 _aFOLK TALES FROM UTTAR PRADESH
942 _cBK
999 _c8214
_d8214